000 00527nam a2200193 a 4500
001 1777364303717
003 YourLibrary
005 20260428135013.0
008 260428s1995##################000#0#eng##
020 _a9781855731790
082 0 4 _a382.9
_bRAF
100 1 _aRaffaelli, Marcelo,
_eauthor.
245 1 0 _aRise and Demise of Commodity Agreements :
260 _bWoodhead Publishing,
_c1995.
300 _a264 pages
650 0 _aBusiness & Economics.
942 _cENGLISH
040 _aYourLibrary
_beng
_cYourLibrary
999 _c620259
_d620259